| 000 | 00789nam a2200253 i 4500 | ||
|---|---|---|---|
| 001 | 146695 | ||
| 003 | ES-MaACL | ||
| 005 | 20240522180008.0 | ||
| 007 | t| | ||
| 008 | 070914s1980 sp ||||1| spa d | ||
| 020 | _a84-279-3331-2 | ||
| 080 | _a087.5:82 | ||
| 245 | 0 | 4 |
_aLas tres naranjas del amor y otros cuentos españoles / _cCarmen Bravo-Villasante ; ilustraciones, Carmen Andrada. |
| 250 | _a1ª ed. | ||
| 260 |
_aBarcelona : _bNoguer, _c1980. |
||
| 300 |
_a145 p. : _bil. ; _c19 cm. |
||
| 490 | 1 |
_aMundo mágico ; _v22 |
|
| 650 | 4 |
_aCuentos españoles. _911483 |
|
| 700 | 1 |
_aBravo-Villasante, Carmen, _d1918-1994 _931507 |
|
| 700 | 1 |
_aAndrada, Carmen, _d1948- _921504 |
|
| 830 | 1 |
_aMundo mágico ; _v22 _9220876 |
|
| 852 | 4 |
_aES-MaACL _jL-10710 |
|
| 999 |
_c146695 _d146695 |
||